Sports Quiz

Random Sports Quiz

Chicago Cubs Random Trivia Quiz Stats

 Plays Quiz not verified by Sporcle

Support Sporcle.
Go Orange.
Score 0/20 Timer 04:00
0 Plays Today
Do you know these Chicago Cubs trinkets? % Correct
Who did the Cubs receive in the trade that sent George Bell to the White Sox?Sammy Sosa
79%
Which team was victim of Kerry Wood's 20 strikeout performance?Houston Astros
79%
Where did Carlos Zambrano throw his no-hitter vs. the Astros?Milwaukee
74.3%
Whom did the Cubs lose to in their last World Series appearance?Detroit Tigers
73.3%
Who, along with Joe Tinker, was the Cubs best double play combo of the 20th century?Johnny Evers
72.4%
From what country did Hall of Famer Fergie Jenkins hail from?Canada
64.8%
Which Cub softened his hands by urinating on them?Moises Alou
61%
Which team originally drafted Greg Maddux?Cubs
59%
Which Cub was arguably the best player of the 19th century?Cap Anson
57.1%
Who was President when the Cubs last won the World Series?Theodore Roosevelt
55.2%
Do you know these Chicago Cubs trinkets? % Correct
Who hit the 'Homer in the Gloamin''?Gabby Hartnett
50.5%
Who was the last Cub to win the NL Batting Title?Derrek Lee
50.5%
Who did the Cubs receive in the trade that sent Lou Brock to St. Louis?Ernie Broglio
45.7%
Who was the Cubs last 20 game winner?Jon Lieber
44.8%
Who was the manager of the doomed '69 squad?Leo Durocher
39%
Who was the lone Cub all-star in 2009?Ted Lilly
28.6%
Who caught Kerry Wood's 20 strikeout game?Sandy Martinez
25.7%
Who was the interim manager after Don Baylors firing?Bruce Kimm
18.1%
Who joined Chip Caray in the broadcast booth during Steve Stone's hiatus?Joe Carter
12.4%
How many all-stars represented the Cubs in 2008?8
6.7%

You're not logged in!

Compare scores with friends on all Sporcle quizzes.
OR
Log In

From the Vault

World Capitals Within 1000km

by darinh

It helps to be close to your neighbors.
Remove Ads.
Support Sporcle.
Get the best of Sporcle when you Go Orange. This ad-free experience offers more features, more stats, and more fun while also helping to support Sporcle. Thank you for becoming a member.

Show Comments

Extras

Created Sep 17, 2012SourceReportNominate
Tags:chicago, Chicago Cubs

Top Quizzes Today


Score Distribution

Your Account Isn't Verified!

In order to create a playlist on Sporcle, you need to verify the email address you used during registration. Go to your Sporcle Settings to finish the process.

Report this User

Report this user for behavior that violates our Community Guidelines.

Details: